000 01099nam a22002297a 4500
999 _c62623
_d62623
003 Ge_BSU
005 20241219163241.0
008 241219s1977 ge ||||| |||| 00| 0 geo d
041 _ageo
080 _a611.018.4 : 616-018 : 546.16 ნ-48
100 _aნემსაძე, ო.
_924013
245 _aფტორის როლი ძვლოვანი ქსოვილის ფიზიოლოგიასა და პათოლოგიაში /
_cო. ნემსაძე; რედ. ნ. დოლიძე.
264 _aთბ. :
_bსაბჭ. საქართველო,
_c1977.
300 _a175 გვ. :
_b10 ფ. ილ. ;
_c20 სმ.
501 _aლიტ. სია: 168-173.
520 _aრეზ. რუს. ენ.
653 _aძვლოვანი ქსოვილის ფიზიოლოგია
653 _aძვლოვანი ქსოვილის პათოლოგია
653 _aფტორი
700 _aდოლიძე, ნ.
_eრედაქტორი
_924014
942 _2udc
_cᲬᲘᲒᲜᲘ